MARC

LEADER 00000nam0a2200000 4500
001 241602
005 20231031210004.0
010 |a 5020288403 
020 |a RU  |b 90-32473ж 
035 |a (RuTPU)RU\TPU\book\262878 
090 |a 241602 
100 |a 20130807a1990 k a0rusy5003 ca 
101 0 |a rus 
102 |a RU 
105 |a a z 001zy 
200 1 |a Критерии оценки эволюции параметров метаморфизма  |f Академия наук СССР (АН СССР), Сибирское отделение (СО), Институт геологии и геофизики (ИГиГ) ; под ред. Г. Г. Лепезина 
210 |a Новосибирск  |c Наука  |d 1990 
215 |a 157 с.  |c ил., карт. 
225 1 |a Труды института геологии и геофизики СО АН СССР  |v Вып. 731 
320 |a Библиогр. в конце ст. 
610 1 |a петрография 
610 1 |a параметры 
610 1 |a эволюция 
610 1 |a метаморфические горные породы 
610 1 |a метаморфические породы 
610 1 |a минералы 
675 |a 552.16  |z rus 
702 1 |a Лепезин  |b Г. Г.  |4 340 
712 0 2 |a Академия наук СССР (АН СССР)  |b Сибирское отделение (СО)  |b Институт геологии и геофизики (ИГиГ)  |c (Новосибирск)  |2 stltpush  |3 (RuTPU)RU\TPU\col\128 
801 0 |a RU  |b RuMRKP  |c 19950417  |g psbo 
801 1 |a RU  |b 63413507  |c 20130807 
801 2 |a RU  |b 63413507  |c 20131119  |g RCR 
942 |c BK